| 000 -LEADER |
| fixed length control field |
03143cam a22005177i 4500 |
| 001 - CONTROL NUMBER |
| control field |
19028396 |
| 005 - DATE AND TIME OF LATEST TRANSACTION |
| control field |
20230103185214.0 |
| 008 - FIXED-LENGTH DATA ELEMENTS--GENERAL INFORMATION |
| fixed length control field |
160323s2016 maua b 000 0 eng d |
| 010 ## - LIBRARY OF CONGRESS CONTROL NUMBER |
| LC control number |
2016936850 |
| 020 ## - INTERNATIONAL STANDARD BOOK NUMBER |
| International Standard Book Number |
9781940291758 |
| 020 ## - INTERNATIONAL STANDARD BOOK NUMBER |
| International Standard Book Number |
1940291755 |
| 035 ## - SYSTEM CONTROL NUMBER |
| System control number |
(OCoLC)ocn971358202 |
| 040 ## - CATALOGING SOURCE |
| Original cataloging agency |
CNCCA |
| Language of cataloging |
eng |
| Transcribing agency |
CNCCA |
| Description conventions |
rda |
| Modifying agency |
OCLCO |
| -- |
CDX |
| -- |
OMB |
| -- |
ORU |
| -- |
VA@ |
| -- |
OCLCF |
| -- |
YDX |
| -- |
USD |
| -- |
DLC |
| 042 ## - AUTHENTICATION CODE |
| Authentication code |
lccopycat |
| 043 ## - GEOGRAPHIC AREA CODE |
| Geographic area code |
n-us-ma |
| 050 00 - LIBRARY OF CONGRESS CALL NUMBER |
| Classification number |
NA2300.H352 |
| Item number |
N35 2016 |
| 082 04 - DEWEY DECIMAL CLASSIFICATION NUMBER |
| Classification number |
720.72 |
| Edition number |
23 |
| 100 1# - MAIN ENTRY--PERSONAL NAME |
| Personal name |
Najle, Ciro, |
| Relator term |
author, |
| -- |
editor. |
| 245 14 - TITLE STATEMENT |
| Title |
The generic sublime : |
| Remainder of title |
organizational models for global architecture / |
| Statement of responsibility, etc. |
Ciro Najle. |
| 246 30 - VARYING FORM OF TITLE |
| Title proper/short title |
Organizational models for global architecture |
| 264 #1 - PRODUCTION, PUBLICATION, DISTRIBUTION, MANUFACTURE, AND COPYRIGHT NOTICE |
| Place of production, publication, distribution, manufacture |
Cambridge, MA : |
| Name of producer, publisher, distributor, manufacturer |
Harvard University Graduate School of Design, |
| Date of production, publication, distribution, manufacture, or copyright notice |
[2016] |
| 264 #2 - PRODUCTION, PUBLICATION, DISTRIBUTION, MANUFACTURE, AND COPYRIGHT NOTICE |
| Place of production, publication, distribution, manufacture |
New York, NY : |
| Name of producer, publisher, distributor, manufacturer |
Actar Publishers |
| 300 ## - PHYSICAL DESCRIPTION |
| Extent |
397 pages : |
| Other physical details |
illustrations (some color) ; |
| Dimensions |
23 cm |
| 336 ## - CONTENT TYPE |
| Content type term |
text |
| Content type code |
txt |
| Source |
rdacontent |
| 336 ## - CONTENT TYPE |
| Content type term |
still image |
| Content type code |
sti |
| Source |
rdacontent |
| 337 ## - MEDIA TYPE |
| Media type term |
unmediated |
| Media type code |
n |
| Source |
rdamedia |
| 338 ## - CARRIER TYPE |
| Carrier type term |
volume |
| Carrier type code |
nc |
| Source |
rdacarrier |
| 504 ## - BIBLIOGRAPHY, ETC. NOTE |
| Bibliography, etc. note |
Includes bibliographical references. |
| 505 0# - FORMATTED CONTENTS NOTE |
| Formatted contents note |
Foreword / Mohsen Mostafavi -- The generic sublime / Ciro Najle -- The laboratory of Ciro Najle / Iñaki Ábalos -- Urbanism after geology / Charles Waldheim -- Critical mass / George L. Legendre -- Some things don't go away / David Salomon -- Cue the sun! / Paul Andersen -- Permanent mobilization / Lluís Ortega -- Over-research / Leire Asensio Villoria and David Mah -- Type:topo:typo(logy) / Pablo Lorenzo-Eiroa -- Novelty / Alberto Delorenzini -- The burger / Marcia Krygier -- Gravity zero / Julián Varas -- Worlds of their own / Ciro Najle -- Generic sublime forms -- Generic sublime models -- Generic sublime organizations -- Principles, capabilities, flairs, and flaw / Ciro Najle -- Conversation / Erika Naginski, Iñaki Ábalos, Ciro Najle -- Interview / Hiromi Hosoya, Ciro Najle -- A-Z / Farshid Moussavi, Ciro Najle -- Inside / Anna Font. |
| 520 ## - SUMMARY, ETC. |
| Summary, etc. |
This book features design research and projects developed under the direction of Ciro Najle by graduate students at the Harvard University Graduate School of Design between 2010 and 2013, as part of the Generic Sublime studio series.-- |
| Assigning source |
Source other than Library of Congress. |
| 650 #0 - SUBJECT ADDED ENTRY--TOPICAL TERM |
| Topical term or geographic name entry element |
Architecture, Modern |
| Chronological subdivision |
20th century. |
| 650 #0 - SUBJECT ADDED ENTRY--TOPICAL TERM |
| Topical term or geographic name entry element |
Architecture, Modern |
| Chronological subdivision |
21st century. |
| 650 #0 - SUBJECT ADDED ENTRY--TOPICAL TERM |
| Topical term or geographic name entry element |
Skyscrapers. |
| 650 #0 - SUBJECT ADDED ENTRY--TOPICAL TERM |
| Topical term or geographic name entry element |
Architecture |
| General subdivision |
Study and teaching |
| Geographic subdivision |
Massachusetts |
| -- |
Cambridge. |
| 655 07 - INDEX TERM--GENRE/FORM |
| Genre/form data or focus term |
Student projects. |
| Facet/hierarchy designation |
b |
| Source of term |
aat |
| 650 #7 - SUBJECT ADDED ENTRY--TOPICAL TERM |
| Topical term or geographic name entry element |
Architecture, Modern. |
| Source of heading or term |
fast |
| Authority record control number or standard number |
(OCoLC)fst00813842 |
| 650 #7 - SUBJECT ADDED ENTRY--TOPICAL TERM |
| Topical term or geographic name entry element |
Architecture |
| General subdivision |
Study and teaching. |
| Source of heading or term |
fast |
| Authority record control number or standard number |
(OCoLC)fst00813524 |
| 650 #7 - SUBJECT ADDED ENTRY--TOPICAL TERM |
| Topical term or geographic name entry element |
Skyscrapers. |
| Source of heading or term |
fast |
| Authority record control number or standard number |
(OCoLC)fst01120291 |
| 651 #7 - SUBJECT ADDED ENTRY--GEOGRAPHIC NAME |
| Geographic name |
Massachusetts |
| Geographic subdivision |
Cambridge. |
| Source of heading or term |
fast |
| Authority record control number or standard number |
(OCoLC)fst01205363 |
| 648 #7 - SUBJECT ADDED ENTRY--CHRONOLOGICAL TERM |
| Chronological term |
1900-2099 |
| Source of heading or term |
fast |
| 710 2# - ADDED ENTRY--CORPORATE NAME |
| Corporate name or jurisdiction name as entry element |
Harvard University. |
| Subordinate unit |
Graduate School of Design, |
| Relator term |
issuing body. |
| 906 ## - LOCAL DATA ELEMENT F, LDF (RLIN) |
| a |
7 |
| b |
cbc |
| c |
copycat |
| d |
2 |
| e |
epcn |
| f |
20 |
| g |
y-gencatlg |
| 925 0# - |
| -- |
acquire |
| -- |
1 shelf copy |
| -- |
policy default |